South Eastern Kenya University

Library Online Public Access Catalogue


Career mathematics with geometry supplement/ (Record no. 8790)

MARC details
000 -LEADER
fixed length control field 00459nam a22001817a 4500
003 - CONTROL NUMBER IDENTIFIER
control field OSt
005 - DATE AND TIME OF LATEST TRANSACTION
control field 20150910132057.0
008 - FIXED-LENGTH DATA ELEMENTS--GENERAL INFORMATION
fixed length control field 150910b xxu||||| |||| 00| 0 eng d
020 ## - INTERNATIONAL STANDARD BOOK NUMBER
International Standard Book Number 9781269911948
040 ## - CATALOGING SOURCE
Original cataloging agency SEKU
050 ## - LIBRARY OF CONGRESS CALL NUMBER
Classification number QA 445
Item number .A4
110 ## - MAIN ENTRY--CORPORATE NAME
Corporate name or jurisdiction name as entry element Alamance Community College
245 ## - TITLE STATEMENT
Title Career mathematics with geometry supplement
260 ## - PUBLICATION, DISTRIBUTION, ETC. (IMPRINT)
Place of publication, distribution, etc. New Jersey
Name of publisher, distributor, etc. Pearson
Date of publication, distribution, etc. 2013
300 ## - PHYSICAL DESCRIPTION
Extent 592 p. :
Other physical details ill.
650 ## - SUBJECT ADDED ENTRY--TOPICAL TERM
Topical term or geographic name as entry element Mathematics
942 ## - ADDED ENTRY ELEMENTS (KOHA)
Source of classification or shelving scheme Library of Congress Classification
Koha item type General circulation
Holdings
Withdrawn status Lost status Source of classification or shelving scheme Damaged status Not for loan Home library Current library Shelving location Date acquired Source of acquisition Total Checkouts Full call number Barcode Date last seen Price effective from Koha item type
    Library of Congress Classification     Kitui Town Campus Library Kitui Town Campus Library General Stacks 04/04/2016 Donation books for Africa   QA 445 .A4 2016/013198 04/04/2016 04/04/2016 General circulation
    Library of Congress Classification     Mtito Andei Centre Library Mtito Andei Centre Library General Stacks 10/09/2015 Books for Africa   QA 445 .A4 2015/007802 10/09/2015 10/09/2015 General circulation
Kitui, Kenya.
+254736116989
library@seku.ac.ke